000 00801nam a2200241 a 4500
001 000042141
005 20240412074301.0
008 131114s2012 pr r 000 p spa d
020 _a9780984157129
040 _aDO-SdBNP
_bspa
_cBNPHU
082 _aRD861.44
_bC112s
100 1 _aCabán Vale, Antonio,
_d1941-
_969137
245 1 0 _aSavia del tiempo :
_b(antología) /
_cAntonio Cabán Vale.
260 _aSan Juan, Puerto Rico :
_bLos Libros de la Iguana,
_c2012.
300 _a92 p. ;
_c22 cm.
490 1 _aGuajana
500 _aIncluye datos biográficos del autor en la solapa de la contracubierta.
590 _aInventariado, 2018/BT
650 0 _aPoesía dominicana
_966
650 0 _aLiteratura dominicana.
_967
830 0 _aGuajana
_955960
910 _aValidado. Control de calidad. MFF
999 _c41630
_d41630